| 000 | 00551nam a22001937a 4500 | ||
|---|---|---|---|
| 003 | MPLRDC | ||
| 005 | 20220104194903.0 | ||
| 008 | 210129b ||||| |||| 00| 0 eng d | ||
| 020 | _a978-986-373-112-2 | ||
| 082 | _a411.3 GHB | ||
| 100 | _a高海波、于雅婷 主编 | ||
| 245 |
_a豆浆杂粮粥养生事典 _c健康养生堂编委会 编著 |
||
| 250 | _a初版 | ||
| 260 |
_a台湾 _b人类智库数位科技股份有限公司 _c2015 |
||
| 300 | _b精 | ||
| 490 | _a食疗图鉴: 14 | ||
| 650 | _a营养与食品 | ||
| 942 |
_cBK _o411.3 GHB |
||
| 999 |
_c65909 _d65899 |
||